Το κράτος, η εξουσία ο σοσιαλισμός

Αποθηκεύτηκε σε:
Λεπτομέρειες βιβλιογραφικής εγγραφής
Κύριος συγγραφέας: Πουλαντζάς, Νίκος Α., 1936-1979
Μορφή: Βιβλίο
Γλώσσα:Greek
Δημοσίευση: Αθήνα : Θεμέλιο,
Έκδοση:2η έκδ.
Θέματα:
Ετικέτες: Προσθήκη ετικέτας
Δεν υπάρχουν, Καταχωρήστε ετικέτα πρώτοι!

MARC

LEADER 00000cam a2200000 i 4500
001 1/42275
008 960405s1981 gr | ||| |||| ||gre||
035 |l 10025563 
040 |a GR-MY-UA  |b gre  |e aacr 
041 0 |a gre 
082 0 |a 320.1 
100 1 |a Πουλαντζάς, Νίκος Α.,   |d 1936-1979. 
245 1 3 |a Το κράτος, η εξουσία ο σοσιαλισμός /  |c Νίκου Πουλαντζά 
250 |a 2η έκδ. 
260 |a Αθήνα :   |b Θεμέλιο,  
300 |a 379 σ. 
650 0 0 |a State, The. 
650 0 0 |a Socialism. 
650 0 0 |a Authority. 
852 |a INST  |b CHIOS  |e 19960405  |h 320.1 ΠΟΥ  |p 005200006027  |q 005200006027  |t BK  |y 0 
909 |a Χ  |b 001909